000 00526nam a2200217Ia 4500
003 OSt
005 20230324155116.0
008 210423s2007 xx 000 0 und d
020 _a571222277
040 _cAL
041 _aeng
082 _a809.1
_223
_bROBM
100 _aROBERTS (Michael);others,Ed.
_977619
245 _aFaber book of modern verse.
250 _a4
260 _aLondon
_bFaber and faber
_c2007
300 _a431
_bPB
365 _b245
_cINR
906 _aFaber ; modern ; verse.
942 _2ddc
_cBK
999 _c155880
_d155880